[Event "NOR-chT Eliteserien 2018-19"]
[Site "Norway"]
[Date "2018.11.04"]
[Round "3"]
[White "Soderstrom, Adrian"]
[Black "Klukin, Kirill"]
[Result "0-1"]
[WhiteElo "2023"]
[BlackElo "2313"]
[Annotator "TA"]
[PlyCount "56"]
[EventDate "2018.11.02"]
[EventType "team-tourn"]
[EventCountry "NOR"]

{[%evp 12,56,45,30,51,47,46,0,0,0,18,-86,-21,-53,-20,-57,1,-74,30,20,41,0,44,0,0,0,24,-28,0,-447,-282,-627,-604,-594,-604,-577,-555,-550,-491,-472,-485,-653,-635,-654,-648,-2000,-1736]} 1. d4 Nf6 2. c4 g6 3. Nc3 Bg7 4. e4 d6 5. Be2 O-O 6. Be3 Na6 {E73: King's Indian: Averbakh Variation without 6...c5} (6... c5 7. d5 e6 8. Nf3 exd5 9. cxd5 Re8 10. Nd2 c4 11. O-O Na6 12. Bf3 b6 13. Re1 Nc5 14. Bxc5 bxc5 15. e5 Rxe5 16. Rxe5 dxe5 17. Nxc4 {½-½ (23) Howell,D (2687)-Jones,G (2670) Hull 2018}) 7. Qd2 {LiveBook: 13 Games} c5 8. d5 e6 {White is slightly better.} 9. f3 $146 ({Predecessor:} 9. O-O-O exd5 10. cxd5 Bd7 11. f3 Rb8 12. g4 b5 13. e5 dxe5 14. h4 {0-1 (33) Ubiennykh,E (2283)-Belous,V (2557) Khanty-Mansiysk 2015}) 9... exd5 10. cxd5 Re8 11. g4 {[#]} (11. Bg5 $11) 11... Nc7 (11... Bxg4 $1 $17 12. fxg4 Nxe4 13. Nxe4 Rxe4) 12. h4 $11 a6 13. a4 Bd7 ({Better is} 13... Bxg4 $15 14. fxg4 Nxe4 15. Nxe4 Rxe4) 14. a5 (14. Nh3 $11) 14... Bb5 (14... Qe7 $17) 15. h5 Nd7 16. hxg6 (16. Bg5 {feels hotter.} Qc8 17. Kf2 Ne5 18. Bh6 Bf6 19. Kg2) 16... fxg6 17. Nh3 Bxe2 18. Qxe2 Qf6 19. Bg5 ({White should try} 19. Ng5) 19... Qf8 20. Qh2 $2 {[%mdl 8192]} (20. Bd2 $11) 20... Qxf3 21. Bd2 $2 (21. Nf2 h6 22. Bxh6) 21... Bxc3 $19 {Black is clearly winning.} 22. Bxc3 Rxe4+ 23. Kd2 Rae8 {( -> ...Re2+)} 24. Ng1 Qf4+ 25. Qxf4 Rxf4 26. Ne2 Rf2 27. Rae1 Nxd5 28. Rxh7 {[#]} Rfxe2+ $1 {Accuracy: White = 25%, Black = 49%.} 0-1